DEVELOPMENT MACROECONOMICS, 4TH ED. (Record no. 8401)

MARC details
000 -LEADER
fixed length control field 00352nam a2200133Ia 4500
008 - FIXED-LENGTH DATA ELEMENTS--GENERAL INFORMATION
fixed length control field 260604s9999 xx 000 0 und d
020 ## - INTERNATIONAL STANDARD BOOK NUMBER
International Standard Book Number 9780691165394
082 ## - DEWEY DECIMAL CLASSIFICATION NUMBER
Classification number 399 AGE
100 ## - MAIN ENTRY--PERSONAL NAME
Personal name AGENOR [PIERRE-RICHARD]
9 (RLIN) 35578
245 #0 - TITLE STATEMENT
Title DEVELOPMENT MACROECONOMICS, 4TH ED.
260 ## - PUBLICATION, DISTRIBUTION, ETC.
Name of publisher, distributor, etc. PRINCETON UNIVERSITY PRESS
500 ## - GENERAL NOTE
General note Macroeconomics
942 ## - ADDED ENTRY ELEMENTS (KOHA)
Koha item type Book
Holdings
Date last seen Total Checkouts Full call number Barcode Cost, replacement price Price effective from Koha item type Lost status Damaged status Not for loan Withdrawn status Home library Current library Shelving location Date acquired Cost, normal purchase price BOOK NO
06/04/2026   399 AGE 004019 5995.00 06/04/2026 Book         Indian Institute of Management Visakhapatnam Indian Institute of Management Visakhapatnam   06/04/2026 5995.00 AGE

Copyright © 2024 Indian Institute of Management Visakhapatnam
Koha v23.05